Reptile Families with Hints (Sad, Birdless Version) - Statistics

General Stats
  • This quiz has been taken 5 times
    3 since last reset
  • The average score is 35 of 86
Answer Stats
Hint Answer % Correct
Caimans and Alligators Alligatoridae
100%
Slow Worms, Glass, and Alligator Lizards Anguidae
100%
Boas Boidae
100%
Chameleons Chamaeleonidae
100%
Snapping Turtles Chelydridae
100%
Typical Snakes Colubridae
100%
Girdled Lizards Cordylidae
100%
Crocodiles Crocodylidae
100%
Cobras, Sea Snakes, and Relatives Elapidae
100%
Gharials Gavialidae
100%
Typical Geckos Gekkonidae
100%
Beaded Lizards Helodermatidae
100%
Iguanas Iguanidae
100%
Earless Monitors Lanthanotidae
100%
Leiosaurid Lizards Leiosauridae
100%
Horned Lizards and Relatives Phrynosomatidae
100%
Pythons Pythonidae
100%
Skinks Scincidae
100%
Chinese Crocodile Lizards Shinisauridae
100%
Tuatara Sphenodontidae
100%
Whiptails, Racerunners, and Tegus Teiidae
100%
Monitors Varanidae
100%
Vipers Viperidae
100%
Sunbeam Snakes Xenopeltidae
100%
Agamas Agamidae
50%
Typical Worm Lizards Amphisbaenidae
50%
American Legless Lizards Anniellidae
50%
Mole Lizards Bipedidae
50%
Austro-American Side-Necked Turtles Chelidae
50%
Basilisks and Relatives Corytophanidae
50%
Collared Lizards Crotaphytidae
50%
Blind Lizards Dibamidae
50%
Austronesian Geckos Diplodactylidae
50%
Terrapins and Relatives Emydidae
50%
Eyelid Geckos Eublepharidae
50%
Plated Lizards Gerrhosauridae
50%
True Lizards Lacertidae
50%
Mexican Pythons Loxocemidae
50%
African Side-Necked Turtles Pelomedusidae
50%
Bush Anoles Polychrotidae
50%
Legless Geckos Pygopodidae
50%
Tortoises Testudinidae
50%
Neotropical Ground Lizards Tropiduridae
50%
Night Lizards Xantusiidae
50%
Knob-Scaled Lizards Xenosauridae
50%
File Snakes Acrochordidae
0%
Shade Lizards Alopoglossidae
0%
False Coral Snakes Aniliidae
0%
Dawn Blindsnakes Anomalepididae
0%
Giant Blindsnakes Anomochilidae
0%
Burrowing Asps Atractaspididae
0%
Mediterranean Worm Lizards Blanidae
0%
Cuban Worm Lizards Cadeidae
0%
Pig-Nosed Turtles Carettochelyidae
0%
Southern Padless Geckos Carphodactylidae
0%
Sea Turtles Cheloniidae
0%
Asian Pipesnakes Cylindrophiidae
0%
Anoles Dactyloidae
0%
Hickatees Dermatemydidae
0%
Leatherback Sea Turtles Dermochelyidae
0%
Galliwasps Diploglossidae
0%
Old-World Turtles Geoemydidae
0%
Indomalayan Blindsnakes Gerrhopilidae
0%
Spectacled Lizards Gymnophthalmidae
0%
Bockadams Homalopsidae
0%
Wood Lizards Hoplocercidae
0%
Mud and Musk Turtles Kinosternidae
0%
House Snakes and Relatives Lamprophiidae
0%
Curly-Tailed Lizards Leiocephalidae
0%
Slender Blind Snakes Leptotyphlopidae
0%
Tree Iguanas, Snow Swifts and Relatives Liolaemidae
0%
Two-Headed Snakes Micrelapidae
0%
Malagasy Iguanas Opluridae
0%
Slug Snakes and Relatives Pareidae
0%
Leaf-Finger Geckos Phyllodactylidae
0%
Big-Headed Turtles Platysternidae
0%
South American Side-Necked Turtles Podocnemididae
0%
Florida Worm Lizards Rhineuridae
0%
Ball-Toed Geckos Sphaerodactylidae
0%
Softshell Turtles Trionychidae
0%
Palearctic Worm Lizards Trogonophidae
0%
Dwarf Boas Tropidophiidae
0%
Typical Blind Snakes Typhlopidae
0%
Sheild-Tail Snakes Uropeltidae
0%
Odd-Scaled Snakes and Relatives Xenodermidae
0%
Malagasy Blind Snakes Xenotyphlopidae
0%
No matching quizzes found
Score Distribution
Percent of People with Each Score
Percentile by Number Answered
Your Score History
You have not taken this quiz since the last reset